Statistics for Победители Итоговых турниров (Viking Pool)

Click here to take the quiz!

General Stats

  • This quiz has been taken 11 times
  • The average score is 18 of 19

Answer Stats

ГодТипИгрок% Correct
20188-каИлья Тищенко
100%
20229-каМихаил Болотников
100%
20218-каМихаил Болотников
100%
2021ВожатскийДенис Соколов
100%
20219-каМихаил Болотников
100%
20208-каМихаил Болотников
100%
2020ВожатскийЕгор Емельянов
100%
20198-каЕгор Емельянов
100%
2022ВожатскийМихаил Болотников
100%
20178-каДенис Соколов
100%
20168-каДенис Соколов
100%
20158-каЕгор Емельянов
100%
20148-каМаксим Тищенко
100%
20138-каМаксим Тищенко
100%
20118-каВадим Емельянов
88%
20228-каНикита Соо
88%
20128-каАнтон Пилицин
75%
20108-каАлександр Уткин
75%
20098-каАлександр Уткин
75%

Score Distribution

Percentile by Number Answered

Percent of People with Each Score

Your Score History

You have not taken this quiz